Statistiques concernant Tout le patrimoine français inscrits au patrimoine mondiale

Cliquez ici pour prendre le quiz!

Statistiques générales

  • Ce quiz a été pris 27 fois
  • Le résultat moyen est 7 sur 44

Statistiques - réponses

Localisation (indice)AnnéeRéponse% Correct
Amiens1981Cathédrale d’Amiens
92%
Bourges1992Cathédrale de Bourges
92%
Chartres1979Cathédrale de Chartres
92%
Versailles1979Palais et parc de Versailles
83%
Vézelay1979Basilique et colline de Vézelay
33%
Gard1985Pont du Gard
33%
Avignon1995Centre historique d’Avignon : Palais des papes, ensemble épiscopal et Pont d’Avignon
29%
Midi1996Canal du midi
21%
Orange1981Théâtre antique et ses abords et « Arc de Triomphe »
21%
Saint-Savin-sur-Gartempe1983Abbatiale de Saint-Savin-sur-Gartempe
17%
Belgique/France1999Beffrois de Belgique et de France
17%
Paris, rives de la Seine1991Rives de la Seine
17%
Ardèche2014Grotte ornée du Pont d’Arc, dite Grotte Chauvet-Pont d’Arc, Ardèche
13%
Cordouan2021Le phare de Cordouan
13%
Bourgogne2015Les Climats du vignoble de Bourgogne
13%
Reims1991Cathédrale Notre-Dame, ancienne abbaye Saint-Rémi et palais du Tau
8%
Albi2010Cité épiscopale d’Albi
8%
Champagne2015Coteaux, Maisons et Caves de Champagne
8%
Nîmes2023La Maison carrée de Nîmes
8%
Nancy1983Places Stanislas
8%
Bordeaux2007Port de la Lune
8%
Centre Val de Loire2000Val de Loire entre Sully-sur-Loire et Chalonnes
8%
Fontenay1981Abbaye cistercienne de Fontenay
4%
Saint-Jacques-de-Compostelle1998Chemins de Saint-Jacques-de-Compostelle en France
4%
Vauban2008Fortifications de Vauban
4%
Strasbourg1988Grande-Île et Neustadt
4%
Normandie1979Mont-Saint-Michel et sa baie
4%
Arles1981Monuments romains et romans
4%
Fontainebleau1981Palais et parc de Fontainebleau
4%
Carcassonne1997Ville fortifiée historique de Carcassonne
4%
Nord-Pas-de-Calais2012Bassin minier du Nord-Pas-de-Calais
0%
Doubs1982De la grande saline de Salins-les-Bains à la saline royale d’Arc-et-Senais, la production du sel ignigène
0%
Saint-Émilion1999Juridiction de Saint-Émilion
0%
Nice2021La ville de villégiature d’hiver de riviera
0%
Normandie2005La ville reconstruite par Auguste Perret
0%
Allemagne, Autriche, Belgique, France, Italie, Royaume-Uni, République tchèque2021Les grandes villes d’eaux d’Europe (Allemagne, Autriche, Belgique, France, Italie, Royaume-Uni, République tchèque)
0%
Belgique, France2023Les sites funéraires et mémoriels de la Première Guerre mondiale (Front Ouest) - Belgique, France
0%
Allemagne, Argentine, Belgique, France, Inde, Japon, Suisse2016L’Œuvre architecturale de Le Corbusier, une contribution exceptionnelle au Mouvement Moderne (Allemagne, Argentine, Belgique, France, Inde, Japon, Suisse)
0%
Les Causses et les Cévennes2011Paysage culturel de l’agro-pastoralisme méditerranéen
0%
Lyon1998Site historique de Lyon
0%
Allemagne, Autriche, France, Italie, Slovénie, Suisse : Alpes2011Sites palafittiques préhistoriques autour des Alpes (Allemagne, Autriche, France, Italie, Slovénie, Suisse)
0%
Dordogne1979Sites préhistoriques et grottes ornées de la vallée de la Vézère
0%
Polynésie française2017Taputapuātea
0%
Provins2001Ville de foire médiévale
0%

Distribution des résultats

Percentile par nombre de réponses

% des personnes avec chaque résultat

Votre développement - résultats

Vous n’avez pas pris ce quiz